Städte in Russland - Sudden Death - Statistiken

Allgemein
  • Dieses Quiz wurde 201 mal gespielt
  • Das Durchschnittsergebnis liegt bei 10 aus 17
Answers on the Grid
Answers color-coded by a green-red scale on the quiz's grid according to % correct below.
Moskau
St. Petersburg
Kasan
Nowosibirsk
Wladiwostok
Woronesch
Rostow am Don
Omsk
Jekaterinburg
Krasnodar
Murmansk
Astrachan
Jakutsk
Jerewan
Almaty
Johannesburg
Saporischschja
Turku
Jelgava
Wizebsk
Luhansk
Bursa
Warna
Tiraspol
Gomel
Irkutsk
Donezk
Surgut
Ufa
Twer
 
Antwortstatistiken
Antwort % Korrekt
St. Petersburg
83%
Moskau
79%
Nowosibirsk
77%
Wladiwostok
75%
Jekaterinburg
73%
Omsk
73%
Rostow am Don
66%
Krasnodar
63%
Kasan
62%
Irkutsk
61%
Ufa
60%
Jakutsk
56%
Murmansk
55%
Woronesch
44%
Twer
27%
Astrachan
24%
Surgut
15%
Keine übereinstimmenden Quizze gefunden
Verteilung der Resultate
Anzahl Personen mit jedem Resultat
Perzentil nach korrekt beantworteten Fragen
Ihre Resultats-Entwicklung
Sie haben dieses Quiz noch nicht gespielt